The land surveyor and the architect. Meeting at RICS 19 March 1986 (Record no. 91202)

MARC details
000 -LEADER
fixed length control field 00831cam a2200217 4500
001 - CONTROL NUMBER
control field B1162
008 - FIXED-LENGTH DATA ELEMENTS--GENERAL INFORMATION
fixed length control field 090401t1986 xxu||||| |||| 00| 0 eng d
035 ## - SYSTEM CONTROL NUMBER
System control number (Sirsi) u42904
041 ## - LANGUAGE CODE
Language code of text/sound track or separate title eng
050 ## - LIBRARY OF CONGRESS CALL NUMBER
Classification number 526.9
090 ## - LOCALLY ASSIGNED LC-TYPE CALL NUMBER (OCLC); LOCAL CALL NUMBER (RLIN)
Classification number (OCLC) (R) ; Classification number, CALL (RLIN) (NR) RICS 1986/65ABC
110 ## - MAIN ENTRY--CORPORATE NAME
Corporate name or jurisdiction name as entry element Royal Institution of Chartered Surveyors
9 (RLIN) 4900
245 #4 - TITLE STATEMENT
Title The land surveyor and the architect. Meeting at RICS 19 March 1986
260 ## - PUBLICATION, DISTRIBUTION, ETC.
Date of publication, distribution, etc. 1986
300 ## - PHYSICAL DESCRIPTION
Extent 4 papers bound in 1 vol.
350 ## - PRICE (NR) (BK AM CF MU VM SE) [OBSOLETE]
Price 0
520 ## - SUMMARY, ETC.
Summary, etc. Papers by: Quick,Kevin , Leonard,John , Edwards,David and Fidler,A.S. . Topics of papers cover ways in which architects can use the services of land surveyors , including CAD and the new RICS specification for surveys ... at scales of 1:500 and larger.
710 ## - ADDED ENTRY--CORPORATE NAME
Corporate name or jurisdiction name as entry element Royal Institute of British Architects
9 (RLIN) 2527
942 ## - ADDED ENTRY ELEMENTS (KOHA)
Suppress in OPAC 0
948 ## - LOCAL PROCESSING INFORMATION (OCLC); SERIES PART DESIGNATOR (RLIN)
c (OCLC) 04/03/1997
Holdings
Withdrawn status Lost status Source of classification or shelving scheme Damaged status Not for loan Home library Current library Shelving location Date acquired Total Checkouts Full call number Barcode Date last seen Copy number Price effective from Koha item type
    Dewey Decimal Classification     Historic collection Historic collection RICS Boxes 19/08/1991   RICS 1986/65 30022014 06/08/2019 1 06/08/2019 Archive
    Dewey Decimal Classification     London London RICS Boxes 19/08/1991   RICS 1986/65 30021999 06/08/2019 1 06/08/2019 Reference material